[Event "Pan American Intercollegiate-chT"]
[Site "Charlotte"]
[Date "2019.12.28"]
[Round "2.2"]
[White "Theodorou, Nikolas"]
[Black "Draganoff, Daniel"]
[Result "1-0"]
[WhiteElo "2555"]
[BlackElo "2135"]
[PlyCount "99"]
[EventDate "2019.12.27"]
[EventType "team-swiss"]
[EventRounds "6"]
[EventCountry "USA"]
[SourceTitle "CBM 194 Extra"]
[Source "ChessBase"]
[SourceDate "2020.03.31"]
[SourceVersion "1"]
[SourceVersionDate "2020.03.31"]
[SourceQuality "1"]
[WhiteTeam "St Louis Univ"]
[BlackTeam "Penn Univ"]
[WhiteTeamCountry "USA"]
[BlackTeamCountry "USA"]

1. d4 d5 2. c4 c6 3. Nf3 Nf6 4. Nc3 dxc4 5. e4 b5 6. Be2 e6 7. 0-0 Be7 8. b3 cxb3 9. Qxb3 Nbd7 10. e5 Nd5 11. Nxd5 exd5 12. Qc2 Nb6 13. Qxc6+ Bd7 14. Qc2 Rc8 15. Qb1 Nc4 16. Bd3 h6 17. h3 0-0 18. Qb3 f6 19. e6 Bxe6 20. Qxb5 Qd7 21. Qxd7 Bxd7 22. Rb1 Bd6 23. Nh4 Rb8 24. Rxb8 Rxb8 25. Nf5 Bb4 26. Bf4 Re8 27. g4 Bc3 28. Rb1 Nb2 29. Ba6 Bxf5 30. gxf5 Bxd4 31. Bb7 Rd8 32. Kf1 Nc4 33. Rb5 Nb6 34. a4 Nxa4 35. Bxd5+ Kh7 36. Bf7 Nc3 37. Rb7 Nd5 38. Bd2 Bc5 39. Rb5 Ne7 40. Rxc5 Rxd2 41. Be6 Rd6 42. Rc7 Nd5 43. Rc8 Nf4 44. Bg8+ Kh8 45. Bb3+ Kh7 46. h4 Rb6 47. Bg8+ Kh8 48. Ba2+ Kh7 49. h5 g5 50. fxg6+ 1-0